Making good marriages better. (Record no. 14617)

000 -LEADER
fixed length control field 00587nam a2200193 a 4500
001 - CONTROL NUMBER
control field :::00012449$&:&@@
003 - CONTROL NUMBER IDENTIFIER
control field OkBaRHE
005 - DATE AND TIME OF LATEST TRANSACTION
control field 20000607103419.0
008 - FIXED-LENGTH DATA ELEMENTS--GENERAL INFORMATION
fixed length control field s1978 j 000 0 eng u
040 ## - CATALOGING SOURCE
Transcribing agency
100 1# - MAIN ENTRY--PERSONAL NAME
Personal name Dale, Robert D.
245 10 - TITLE STATEMENT
Title Making good marriages better.
260 ## - PUBLICATION, DISTRIBUTION, ETC. (IMPRINT)
Place of publication, distribution, etc Nashville, TN., :
Name of publisher, distributor, etc Broadman Press
Date of publication, distribution, etc c1978
300 ## - PHYSICAL DESCRIPTION
Extent 135 p. : illus. ;
Dimensions 20 cm.
650 ## - SUBJECT ADDED ENTRY--TOPICAL TERM
Topical term or geographic name as entry element Marriage
700 ## - ADDED ENTRY--PERSONAL NAME
Personal name Dale, Carrie Kondy, Joint author.
942 ## - ADDED ENTRY ELEMENTS (KOHA)
Source of classification or shelving scheme
Koha item type Books
Copies
Source of classification or shelving scheme Barcode Withdrawn status Koha item type Shelving location Date last seen Lost status Damaged status Copy number Price effective from Permanent Location Full call number Not for loan Date acquired
 12449 BooksGeneral Stacks2010-04-14  12010-04-14RHEMA Bible Training CollegeHQ 734 .D253 2010-04-14